| 000 | 00384nam a2200157Ia 4500 | ||
|---|---|---|---|
| 008 | 180921t1973 xxu||||| |||| 00| 0 eng d | ||
| 041 | _aeng | ||
| 080 |
_a646.2 _bTHE |
||
| 245 | _aShortcuts to elegance | ||
| 260 |
_bTime life book _aNewyork _c1973 |
||
| 300 | _a192p., ill., 29 cm | ||
| 650 | _aSewing | ||
| 942 | _cBK | ||
| 999 |
_c13454 _d13454 |
||
| 003 | LK-CoDNM | ||
| 040 |
_aLK-CoDNM _dLK-CoDNM _eLK-CoDNM |
||